00692nam a2200169 a 450000100100000000500170001000800410002704000250006824500860009326000500017930000210022949000190025070000330026983000260030295201770032899900170050500004017220201002033948.0130813s1974 mx 000 0 spa d aDO-SdBNPbspacBNPHU00aPoesía rebelde de América /cselección y prólogo de Miguel Donoso Pareja. aMéxico :bEditorial Extemporáneos,c1974. a397 p. ;c18 cm.1 aA pleno solv51 aDonoso Pareja, Miguel966445 0aA pleno solv5966446 001050718MOaPDbPDcCTd2013-08-13iLF1l0o p40172-10r2020-06-25w2020-06-25y1zPerteneció a la biblioteca personal de Aída Cartagena PortalatínZNo se presta c39662d39662